<?xml version="1.0" encoding="UTF-8"?><?xml-stylesheet type="text/xsl" href="static/style.xsl"?><OAI-PMH xmlns="http://www.openarchives.org/OAI/2.0/" xmlns:xsi="http://www.w3.org/2001/XMLSchema-instance" xsi:schemaLocation="http://www.openarchives.org/OAI/2.0/ http://www.openarchives.org/OAI/2.0/OAI-PMH.xsd"><responseDate>2026-04-27T08:17:54Z</responseDate><request verb="GetRecord" identifier="oai:uvadoc.uva.es:10324/68352" metadataPrefix="marc">https://uvadoc.uva.es/oai/request</request><GetRecord><record><header><identifier>oai:uvadoc.uva.es:10324/68352</identifier><datestamp>2024-07-01T19:01:58Z</datestamp><setSpec>com_10324_38</setSpec><setSpec>col_10324_852</setSpec></header><metadata><record xmlns="http://www.loc.gov/MARC21/slim" xmlns:doc="http://www.lyncode.com/xoai" xmlns:xsi="http://www.w3.org/2001/XMLSchema-instance" xmlns:dcterms="http://purl.org/dc/terms/" xsi:schemaLocation="http://www.loc.gov/MARC21/slim http://www.loc.gov/standards/marcxml/schema/MARC21slim.xsd">
<leader>00925njm 22002777a 4500</leader>
<datafield tag="042" ind1=" " ind2=" ">
<subfield code="a">dc</subfield>
</datafield>
<datafield tag="720" ind1=" " ind2=" ">
<subfield code="a">Andrés de Antonio, Elvira de</subfield>
<subfield code="e">author</subfield>
</datafield>
<datafield tag="260" ind1=" " ind2=" ">
<subfield code="c">2024</subfield>
</datafield>
<datafield tag="520" ind1=" " ind2=" ">
<subfield code="a">El consumo de bebidas energéticas ha ido aumentando a lo largo de los años, especialmente en la población más joven y estudiantes universitarios. Estas bebidas tienen efectos secundarios importantes y graves consecuencias en el estado de salud de sus consumidores.&#xd;
La dieta mediterránea es reconocida como uno de los modelos alimentarios con mayor evidencia científica en cuanto a sus beneficios para la salud humana. Se caracteriza por tener un papel preventivo y terapéutico en diversas enfermedades. El test KIDMED se emplea para evaluar la calidad de la dieta mediterránea, lo que permite obtener información sobre la ingesta y hábitos alimenticios de la población a estudio. El consumo elevado de bebidas energéticas se asocia con una disminución del grado de adherencia a la dieta mediterránea. A pesar de reconocer la mayoría que las bebidas energéticas no son buenas para la salud y que tienen efectos secundarios, el 46.9% de la población estudiada consume o ha consumido bebidas energéticas.</subfield>
</datafield>
<datafield tag="024" ind2=" " ind1="8">
<subfield code="a">https://uvadoc.uva.es/handle/10324/68352</subfield>
</datafield>
<datafield ind1=" " ind2=" " tag="653">
<subfield code="a">Bebidas</subfield>
</datafield>
<datafield ind1=" " ind2=" " tag="653">
<subfield code="a">Estimulantes</subfield>
</datafield>
<datafield tag="245" ind1="0" ind2="0">
<subfield code="a">Relación entre el consumo de bebidas energéticas y adherencia a dieta mediterránea.</subfield>
</datafield>
</record></metadata></record></GetRecord></OAI-PMH>